Der Weg zum evangelischen Königsberger Dom
| Titel: | Der Weg zum evangelischen Königsberger Dom / Bernhart Jähnig |
|---|---|
| Verfasser: | |
| In: |
Preußenland, Band 8 (2017), Seite 60-82 alle Artikel anzeigen |
| Veröffentlicht: | 2017 [2018] |
| Format: | Aufsatz |
| Sprache: | Deutsch |
X
alg: 43225130 001A $03025:04-06-18 001B $01999:04-06-18 $t22:51:16.000 001C $03025:04-06-18 $t12:25:47.000 001D $03025:04-06-18 001U $0utf8 001X $00 002@ $0Aou 002C $aText $btxt $2rdacontent 002D $aohne Hilfsmittel zu benutzen $bn $2rdamedia 002E $aBand $bnc $2rdacarrier 003@ $0432251308 007A $0432251308 $aHEB 010@ $ager 010E $erda 011@ $a2017 $n2017 [2018] 021A $aDer @Weg zum evangelischen Königsberger Dom $hBernhart Jähnig 028A $BVerfasser $#Jähnig, Bernhart Arnulf $4aut $7122464400 $8Jähnig, Bernhart$Z1941- [Tp1] $910139912X 031A $d8 $g23 $h60-82 $j2017 039B $aEnthalten in $8--Abvc--. Preußenland. - Osnabrück : Fibre-Verl., 1963-. - ISSN 0032-7972 $x201700000080000940 $9047115017 044K $RFriedrich $RSofia $RDorothea $RAnna Sophie $RAnna Maria $RElisabeth $RAlbrecht Friedrich $RElisabeth $RSkalić, Pavao $#Albrecht$#Albrecht $#Albrecht $#Albertus $#Albertus $#Albrecht $#Albrecht V. $#Albrecht $#Albrecht $#Albrecht $#Albertus $#Albrecht $#Albrecht I $#Albertus $#Albert $#Albert $#Albrecht $#Albrecht $#Albrecht $#Albrecht $#Albertus $#Albrecht $#Albrecht V $#Albrecht $#Albrecht, Friedrich $#Albert $#Albrecht $#Albrecht $#Albrecht $#Albrecht $#Preussen, Albrecht von $7118637673 $8$PAlbrecht$lPreußen, Herzog$Z1490-1568 [Tp1] $9086978616 044K $#Königsberg Preußen $#Königsberg i. Pr. $#Königsberg Pr. $#Königsberg in Ostpreußen $#Königsberg Ostpreußen $#Königsberg (Pr.) $#Königsberg Pregel $#Stadtgemeinde Königsberg $#Königsbergk $#Kaliningrad $#Karaliánčins $#Krulevec $#Karaláuczuje $#Królewiec $#Karaliaučius $#Regimontanus $#Regiomontium $#Regiomontum $#Regiomontum Borussiae $#Калининград $74031541-1 $8Königsberg [Tg1] $908508364X 044K $RHerzogtum Preußen $#Preußen Deutscher Orden $#Ordensstaat Deutscher Orden $#Deutschordensstaat $#Prūsija Vokiečių ordino valstybė $#Prusy Zakonne $#Prusko nemecký rytiersky štát $#Prusko Řád německých rytířů $#Prusy Krzyżackie $#Ordensland Preußen $#Preußen Ordensland $74076337-7 $8Preußen$gOrdensstaat [Tg1] $9085216380 044K $RReformator $RReformatorin $#Reformation $#Réforme protestante $#Reforma $#Reformation $74048946-2 $8Reformation [Ts1] $9085136344 044K $RProtestantismus $#Protestant churches $#Églises protestantes $#Chiese protestanti $#Iglesias protestantes $#evangelische Kirche $74015833-0 $8Evangelische Kirche [Ts1] $9085036757 044K $RKirchenbau $RKonkathedrale $#Cathedrals $#Cathédrales $#Cattedrali $#Catedrales $#Kathedrale $#Bischofskirche $#Münster Dom $#Dome $#Kathedralen $#Cathedral $74070532-8 $8Dom [Ts1] $908519882X 044K $RKirchenverfassung $#Church orders $#Église Discipline $#Lebensordnung $74030741-4 $8Kirchenordnung [Ts1] $9085081426 044K $RGrabplatte $RGrabmal $RWandgrabmal $RKenotaph $#Epitaphs $#Épitaphes $#Epitaffi $#Epitafios $#Epitaphien $#Epitaphe $74015056-2 $8Epitaph [Ts1] $9085034126 045R $aKirchengeschichte 1511-1568 045T $a8,1 lok: 43225130 78 exp: 43225130 78 1 #EPN 201B/01 $004-06-18 $t12:12:50.000 201C/01 $004-06-18 201U/01 $0utf8 203@/01 $01022984985 208@/01 $a04-06-18 $be 209A/01 $a/ $f000 $x00 209A/01 $ab*p $x01 220C/01 $akoe 247C/01 $82080>Marburg/Lahn, Herder-Institut, Forschungsbibliothek, Bibliographieportal $9336309341
| LEADER | 00000caa a2200000 c 4500 | ||
|---|---|---|---|
| 001 | 432251308 | ||
| 003 | DE-603 | ||
| 005 | 20180604225116.0 | ||
| 007 | tu | ||
| 008 | 180604s2017 xx |||| | u00||u|ger c | ||
| 035 | |a (DE-599)HEB432251308 | ||
| 040 | |a DE-603 |b ger |c DE-603 |d DE-603 |e rda | ||
| 041 | |a ger | ||
| 084 | |a 8,1 |2 ssgn | ||
| 100 | 1 | |a Jähnig, Bernhart |d 1941- |e Verfasser |4 aut |0 (DE-603)10139912X |0 (DE-588)122464400 |2 gnd | |
| 245 | 0 | 0 | |a Der Weg zum evangelischen Königsberger Dom |c Bernhart Jähnig |
| 264 | 0 | |c 2017 [2018] | |
| 336 | |a Text |b txt |2 rdacontent | ||
| 337 | |a ohne Hilfsmittel zu benutzen |b n |2 rdamedia | ||
| 338 | |a Band |b nc |2 rdacarrier | ||
| 600 | 0 | 7 | |a Albrecht |c Preußen, Herzog |d 1490-1568 |0 (DE-588)118637673 |0 (DE-603)086978616 |2 gnd |
| 648 | 7 | |a Kirchengeschichte 1511-1568 |2 gnd | |
| 650 | 7 | |a Reformation |0 (DE-588)4048946-2 |0 (DE-603)085136344 |2 gnd | |
| 650 | 7 | |a Evangelische Kirche |0 (DE-588)4015833-0 |0 (DE-603)085036757 |2 gnd | |
| 650 | 7 | |a Dom |0 (DE-588)4070532-8 |0 (DE-603)08519882X |2 gnd | |
| 650 | 7 | |a Kirchenordnung |0 (DE-588)4030741-4 |0 (DE-603)085081426 |2 gnd | |
| 650 | 7 | |a Epitaph |0 (DE-588)4015056-2 |0 (DE-603)085034126 |2 gnd | |
| 651 | 7 | |a Königsberg |0 (DE-588)4031541-1 |0 (DE-603)08508364X |2 gnd | |
| 651 | 7 | |a Preußen |g Ordensstaat |0 (DE-588)4076337-7 |0 (DE-603)085216380 |2 gnd | |
| 773 | 0 | 8 | |i Enthalten in |t Preußenland |d Osnabrück : Fibre-Verl., 1963- |h 24 cm |x 0032-7972 |g Band 8 (2017), Seite 60-82 |w (DE-603)047115017 |w (DE-600)123737-8 |
| 924 | 0 | |9 2080 |a (DE-603)1022984985 |b DE-2080 |c HES |d d |g / | |


